P-adic Numbers : An Introduction
Αποθηκεύτηκε σε:
| Κύριος συγγραφέας: | |
|---|---|
| Μορφή: | Βιβλίο |
| Γλώσσα: | English |
| Δημοσίευση: |
Berlin :
Springer-Verlag,
c1993
|
| Σειρά: | Universitext
|
| Θέματα: | |
| Ετικέτες: |
Προσθήκη ετικέτας
Δεν υπάρχουν, Καταχωρήστε ετικέτα πρώτοι!
|
MARC
| LEADER | 00000nam a2200000 i 4500 | ||
|---|---|---|---|
| 001 | 1/49917 | ||
| 008 | 950913s1993 eng d | ||
| 020 | |a 3-540-56844-1 | ||
| 020 | |a 0-387-56844-1 | ||
| 035 | |1 ΕΛΗ |a 1995 |b 1807 |c ΚΕΧΑΓΙΑΣ |l 10043739 | ||
| 040 | |a GR-MY-UA |b gre |e aacr | ||
| 041 | 0 | |a eng | |
| 082 | 0 | |a 512.74 | |
| 100 | 1 | |a Gouvea, Fernando Q. |q (Fernando Quadros) | |
| 245 | 1 | 0 | |a P-adic Numbers : |b An Introduction / |c Fernando Q. Gouvea |
| 260 | |a Berlin : |b Springer-Verlag, |c c1993 | ||
| 300 | |a 276 p.; |c 23 cm. | ||
| 490 | 1 | |a Universitext | |
| 500 | |a Inclydes bibliography | ||
| 650 | 0 | 0 | |a p-adic numbers. |
| 830 | 0 | |a Universitext | |
| 852 | |a INST |b SAMOS |e 19960305 |h 512.74 GOU |p 005300004726 |q 005300004726 |t BK |y 0 | ||
| 852 | |a INST |b SAMOS |e 19950913 |h 512.74 GOU |p 005300010125 |q 005300010125 |t BK |y 0 | ||
| 909 | |a Σ |b 043670 | ||
| 909 | |a Σ |b 040501 | ||